Global development finance 2006 <the> development potential of surging capital flows

Gespeichert in:
Bibliographische Detailangaben
Format: Buch
Sprache:Englisch
Veröffentlicht: Washington, D.C. <The> World Bank 2006
Schlagworte:
Tags: Tag hinzufügen
Keine Tags, Fügen Sie das erste Tag hinzu!

MARC

LEADER 00000nam$a2200000$$$4500
001 0044155
005 20240313134957.0
020 |a 0-8213-5991-6 
041 0 |a eng 
044 |a US 
245 1 0 |a Global development finance 2006  |b <the> development potential of surging capital flows 
264 1 |a Washington, D.C.  |b <The> World Bank  |c 2006 
300 |a 434 s. 
610 2 0 |a údaje štatistické 
610 2 0 |a tabuľky štatistické 
610 2 0 |a porovnanie medzinárodné 
610 2 0 |a krajiny rozvojové 
610 2 0 |a krajiny tranzitívne 
610 2 0 |a financie medzinárodné 
610 2 0 |a pomoc zahraničná 
610 2 0 |a pomoc rozvojová 
610 2 0 |a pohyb kapitálu 
610 2 0 |a zadlženosť zahraničná 
610 2 0 |a 2006